书目信息 |
| 题名: |
中文Access 97精选问题集
|
|
| 作者: | 琼斯 , 琼斯 著 | |
| 分册: | ||
| 出版信息: | 北京 机械工业出版社 1998.10 |
|
| 页数: | 217页 | |
| 开本: | 19cm | |
| 丛书名: | ||
| 单 册: | ||
| 中图分类: | TP392 | |
| 科图分类: | ||
| 主题词: | 计算机应用 | |
| 电子资源: | ||
| ISBN: | 7-111-06903-X | |
| 000 | 00673nam0 2200205 450 | |
| 001 | 0854564007 | |
| 005 | 20080110151303.23 | |
| 010 | @a7-111-06903-X@dCNY25.00 | |
| 100 | @a20080110d1998 km y0chiy0120 ea | |
| 101 | 0 | @achi |
| 102 | @aCN@b110000 | |
| 200 | 1 | @a中文Access 97精选问题集@Azhong wen Access 97 jing xuan wen ti ji@f(美)琼斯(Jone,E.),(美)琼斯(Jone,J.M.)著@F(mei)qiong si(Jone,E.),(mei)qiong si(Jone,J.M.)zhu |
| 210 | @a北京@c机械工业出版社@d1998.10 | |
| 215 | @a217页@d19cm | |
| 606 | 0 | @a计算机应用 |
| 690 | @aTP392@v4 | |
| 701 | 0 | @a琼斯@Aqiong si@bJone,E.@4著 |
| 701 | 0 | @a琼斯@Aqiong si@bJone,J.M.@4著 |
| 801 | 0 | @aCN@bPFT@c20080110 |
| 905 | @aBZT@dTP392@e1 | |
| 中文Access 97精选问题集/(美)琼斯(Jone,E.),(美)琼斯(Jone,J.M.)著.-北京:机械工业出版社,1998.10 |
| 217页;19cm |
| ISBN 7-111-06903-X:CNY25.00 |
| ● |
| 相关链接 |
|
|
|
正题名:中文Access 97精选问题集
索取号:TP392/1
 
预约/预借
| 序号 | 登录号 | 条形码 | 馆藏地/架位号 | 状态 | 备注 |
| 1 | 17518 | 220003369 | 中心书库中库/ 中库026架B面6列1层19/ [索取号:TP392/1] | 在馆 | |
| 2 | 17519 | 220003367 | 中心书库中库/ 中库026架B面6列1层18/ [索取号:TP392/1] | 在馆 |